| 000 | 00394nam a2200157Ia 4500 | ||
|---|---|---|---|
| 008 | 230711s9999||||xx |||||||||||||| ||und|| | ||
| 020 | _a81-261-0585-2 | ||
| 041 | _aENG | ||
| 082 | _a630 | ||
| 100 | _aWant. M.A | ||
| 245 | 0 | _aAgricultural Cultivation: A Bibliographic Study | |
| 260 |
_c2000 _aNew Delhi _bAnmol Publication(P) Ltd. |
||
| 300 | _a165p. | ||
| 650 | _aAgriculture | ||
| 942 | _cBK | ||
| 999 |
_c7520 _d7520 |
||